000
00256nam a22001217a 4500
008
180207b xxu||||| |||| 00| 0 eng d
041
_a
eng
080
_2
11th
_a
311
100
_a
55
101
_a
STA
245
_a
Statistics
_c
McLave,J.T
942
_2
udc
_c
BK
999
_c
42005
_d
42005